Violin concerto : The kingdom prelude ; Prelude and Angel's farewell /

Bibliographic Details
Main Author: Elgar, Edward, 1857-1934
Corporate Author: Hallé Orchestra
Other Authors: Zehetmair, Thomas, 1961- (Instrumentalist), Coote, Alice (Singer), Elder, Mark, 1947-
Format: CD Audio
Language:No linguistic content
Published: [England] : Hallé, [2010]
Subjects:

MARC

Tag First Indicator Second Indicator Subfields
LEADER 00000cjm a2200000Ia 4500
001 in00002674530
005 20151202092332.0
007 sd fungnn|m|ed
008 100408p20102005enkconn efhi n zxx d
028 0 2 |a CD HLL 7521  |b Hallé 
029 0 |a NZ1  |b 13229780 
035 |a (OCoLC)ocn604939442 
035 |a (OCoLC)604939442 
040 |a Nz  |c NZWPM  |d N15  |d TXA  |d UtOrBLW 
041 0 |g eng  |g fre  |g ger 
049 |a TXAM 
090 |a M1012.E44  |b V56 op. 61 2010 
100 1 |a Elgar, Edward,  |d 1857-1934. 
240 1 0 |a Concertos,  |m violin, orchestra,  |n op. 61,  |r B minor 
245 1 0 |a Violin concerto :  |b The kingdom prelude ; Prelude and Angel's farewell /  |c Elgar. 
246 3 0 |a Kingdom prelude 
246 3 0 |a Prelude 
246 3 0 |a Angel's farewell 
264 1 |a [England] :  |b Hallé,  |c [2010] 
264 4 |c ℗2010 
300 |a 1 sound disc (74 min., 54 sec.) :  |b digital ;  |c 4 3/4 in. 
336 |a performed music  |b prm  |2 rdacontent 
337 |a audio  |b s  |2 rdamedia 
338 |a audio disc  |b sd  |2 rdacarrier 
500 |a Compact disc. 
511 0 |a Thomas Zehetmair, violin ; Alice Coote, mezzo-soprano (track 6) ; Hallé ; Sir Mark Elder, music director. 
518 |a Recorded 23 March 2005 (The kingdom : prelude), 3-4 May 2008 (Violin concerto), 15-19 July 2008 (Prelude and The angel's farewell). 
586 |a Gramophone Award, Best Concerto Recording, 2010. 
500 |a Programme notes in English, French and German inserted in container. 
505 0 |a The kingdom, op. 51: Prelude (9:31) -- Violin concerto in B minor, op. 61 (48:01) -- The dream of Gerontius. Prelude (10:22) ; The angel's farewell (6:58) / Sir Edward Elgar. 
500 |a Sound recording. 
650 0 |a Concertos (Violin) 
650 0 |a Oratorios. 
700 1 |a Zehetmair, Thomas,  |d 1961-  |e instrumentalist. 
700 1 |a Coote, Alice,  |e singer. 
700 1 |a Elder, Mark,  |d 1947- 
700 1 2 |a Elgar, Edward,  |d 1857-1934.  |t Kingdom.  |p Prelude. 
700 1 2 |a Elgar, Edward,  |d 1857-1934.  |t Dream of Gerontius.  |k Selections. 
710 2 |a Hallé Orchestra. 
948 |a cataloged  |b h  |c 2010/10/8  |d c  |e cajsmith  |f 7:57:54 am 
994 |a C0  |b TXA 
999 |a MARS 
999 f f |s 0d04a0a2-57fa-3a94-9d71-3191b371c574  |i cf75e72b-c7f2-3142-982a-468c9db331f1  |t 0 
952 f f |p ric  |a Texas A&M University  |b Rellis Campus  |c Joint Library Facility  |d Remote Storage  |t 0  |e M1012.E44 V56 op. 61 2010  |h Library of Congress classification  |i audio -- audio disc  |m A14839338615 
998 f f |a M1012.E44 V56 op. 61 2010  |t 0  |l Remote Storage